|
|
|
|
| LEADER |
01703nam a2200493 4500 |
| 001 |
ocn773475420 |
| 003 |
OCoLC |
| 005 |
20170124071643.9 |
| 006 |
m o d |
| 007 |
cr |n||||||||| |
| 008 |
101015s2011 enkab ob 001 0 eng d |
| 040 |
|
|
|a CDX
|b eng
|e pn
|c CDX
|d OCLCQ
|d DG1
|d OCLCQ
|d OCLCO
|d YDXCP
|d OCLCQ
|d DG1
|d GrThAP
|
| 020 |
|
|
|a 9781118687659
|q (electronic bk.)
|
| 020 |
|
|
|a 1118687655
|q (electronic bk.)
|
| 020 |
|
|
|z 9781444339352
|
| 020 |
|
|
|z 1444339354
|
| 020 |
|
|
|z 9781405182256
|
| 020 |
|
|
|z 1405182253
|
| 024 |
8 |
|
|a 9786613407290
|
| 029 |
1 |
|
|a CHBIS
|b 010027001
|
| 029 |
1 |
|
|a CHVBK
|b 306242303
|
| 029 |
1 |
|
|a DEBBG
|b BV041829290
|
| 029 |
1 |
|
|a NZ1
|b 15916462
|
| 035 |
|
|
|a (OCoLC)773475420
|
| 037 |
|
|
|a 340729
|b MIL
|
| 050 |
|
4 |
|a GE149
|b .P87 2011eb
|
| 082 |
0 |
4 |
|a 550.28/4
|2 22
|
| 049 |
|
|
|a MAIN
|
| 100 |
1 |
|
|a Purkis, Samuel J.
|
| 245 |
1 |
0 |
|a Remote sensing and global environmental change /
|c Samuel Purkis and Victor Klemas.
|
| 264 |
|
1 |
|a Chichester, West Sussex, UK ;
|a Hoboken, N.J. :
|b Wiley-Blackwell,
|c 2011.
|
| 300 |
|
|
|a 1 online resource (xi, 367 pages) :
|b illustrations (some color), maps (chiefly color)
|
| 336 |
|
|
|a text
|b txt
|2 rdacontent
|
| 337 |
|
|
|a computer
|b c
|2 rdamedia
|
| 338 |
|
|
|a online resource
|b cr
|2 rdacarrier
|
| 504 |
|
|
|a Includes bibliographical references (pages 316-360) and index.
|
| 588 |
0 |
|
|a Print version record.
|
| 650 |
|
0 |
|a Global environmental change
|x Remote sensing.
|
| 650 |
|
0 |
|a Environmental monitoring
|x Remote sensing.
|
| 655 |
|
4 |
|a Electronic books.
|
| 700 |
1 |
|
|a Klemas, V.
|
| 776 |
0 |
8 |
|i Print version:
|z 9786613407290
|
| 856 |
4 |
0 |
|u https://doi.org/10.1002/9781118687659
|z Full Text via HEAL-Link
|
| 994 |
|
|
|a 92
|b DG1
|